Communication systems (Record no. 8833)

MARC details
000 -LEADER
fixed length control field 00437nam a2200205Ia 4500
001 - CONTROL NUMBER
control field 084460
003 - CONTROL NUMBER IDENTIFIER
control field YMCAF
005 - DATE AND TIME OF LATEST TRANSACTION
control field 20230512161453.0
008 - FIXED-LENGTH DATA ELEMENTS--GENERAL INFORMATION
fixed length control field 100717s2002 ||||||||||||||||| ||und|d
024 ## - OTHER STANDARD IDENTIFIER
Standard number or code 84460
035 ## - SYSTEM CONTROL NUMBER
System control number 23920
040 ## - CATALOGING SOURCE
Original cataloging agency YMCAF
Language of cataloging eng
Transcribing agency IN-KoLT
041 ## - LANGUAGE CODE
Language code of text/sound track or separate title eng
082 ## - DEWEY DECIMAL CLASSIFICATION NUMBER
Classification number 621.382
Item number SIN
100 ## - MAIN ENTRY--PERSONAL NAME
Personal name Singh/Sapre
245 #0 - TITLE STATEMENT
Title Communication systems
260 ## - PUBLICATION, DISTRIBUTION, ETC.
Name of publisher, distributor, etc. TMH
Date of publication, distribution, etc. 2002
300 ## - PHYSICAL DESCRIPTION
Extent 592
942 ## - ADDED ENTRY ELEMENTS (KOHA)
Source of classification or shelving scheme Dewey Decimal Classification
Koha item type Books
Holdings
Withdrawn status Lost status Damaged status Not for loan Home library Current library Date acquired Cost, normal purchase price Total Checkouts Barcode Date last seen Date last checked out Cost, replacement price Price effective from Koha item type Public note G Total Renewals
        JC Bose University of Science & Technology JC Bose University of Science & Technology 17/07/2010 225.00 1 28203 24/04/2024 06/03/2024 225.00 12/05/2023 Books C 13786  
  Lost     JC Bose University of Science & Technology JC Bose University of Science & Technology 17/07/2010 225.00   23920 12/05/2023   225.00 12/05/2023 Books C LDL5652  
        JC Bose University of Science & Technology JC Bose University of Science & Technology 17/07/2010 225.00   23921 12/05/2023   225.00 12/05/2023 Books C LDL5652  
  Lost     JC Bose University of Science & Technology JC Bose University of Science & Technology 17/07/2010 225.00   24337 12/05/2023   225.00 12/05/2023 Books C 10138  
        JC Bose University of Science & Technology JC Bose University of Science & Technology 17/07/2010 225.00 2 24338 01/06/2024 23/04/2024 225.00 12/05/2023 Books C 10138 2
        JC Bose University of Science & Technology JC Bose University of Science & Technology 17/07/2010 225.00   27294 12/05/2023   225.00 12/05/2023 Books C 12853  
        JC Bose University of Science & Technology JC Bose University of Science & Technology 17/07/2010 225.00   27295 12/05/2023   225.00 12/05/2023 Books C 12853  
  Lost     JC Bose University of Science & Technology JC Bose University of Science & Technology 17/07/2010 225.00   27296 12/05/2023   225.00 12/05/2023 Books C 12853  
  Lost     JC Bose University of Science & Technology JC Bose University of Science & Technology 17/07/2010 225.00   27297 12/05/2023   225.00 12/05/2023 Books C 12853  
        JC Bose University of Science & Technology JC Bose University of Science & Technology 17/07/2010 225.00 2 27298 20/05/2024 19/04/2024 225.00 12/05/2023 Books C 12853  
        JC Bose University of Science & Technology JC Bose University of Science & Technology 17/07/2010 225.00 2 28199 17/05/2024 14/05/2024 225.00 12/05/2023 Books C 13786  
        JC Bose University of Science & Technology JC Bose University of Science & Technology 17/07/2010 225.00 2 28200 13/12/2023 23/11/2023 225.00 12/05/2023 Books C 13786  
        JC Bose University of Science & Technology JC Bose University of Science & Technology 17/07/2010 225.00   28201 12/05/2023   225.00 12/05/2023 Books C 13786  
        JC Bose University of Science & Technology JC Bose University of Science & Technology 17/07/2010 225.00   28202 12/05/2023   225.00 12/05/2023 Books C 13786